[Event "Belgrade Serbia op"]
[Site "Belgrade"]
[Date "2023.07.22"]
[Round "7"]
[White "Krstic, Milos M"]
[Black "Arsovic, Zoran"]
[Result "1/2-1/2"]
[WhiteElo "2183"]
[BlackElo "2393"]
[PlyCount "106"]
[EventDate "2023.07.16"]
[EventType "swiss"]
[EventRounds "9"]
[EventCountry "SRB"]
[SourceTitle "CBM 215 Extra"]
[Source "ChessBase"]
[SourceDate "2023.09.30"]
[SourceVersion "1"]
[SourceVersionDate "2023.09.30"]
[SourceQuality "1"]

1. e4 c5 2. Nf3 e6 3. d4 cxd4 4. Nxd4 a6 5. Nc3 d6 6. g3 Nf6 7. Bg2 Be7 8. 0-0 0-0 9. a4 Nc6 10. Nb3 Na5 11. Nxa5 Qxa5 12. Qe2 Nd7 13. Rd1 Qc7 14. f4 b6 15. Be3 Bb7 16. Rd2 Rfe8 17. Rad1 Rad8 18. Qf2 Bc6 19. g4 b5 20. axb5 axb5 21. g5 g6 22. h4 Bf8 23. h5 Rb8 24. hxg6 hxg6 25. Ne2 Nc5 26. Ng3 Na4 27. c3 b4 28. c4 b3 29. Bf1 Ba8 30. f5 Nc5 31. fxg6 fxg6 32. Qf6 Nxe4 33. Qxg6+ Qg7 34. Qxg7+ Bxg7 35. Nxe4 Bxe4 36. Bd4 e5 37. Bc3 Bc2 38. Re1 Re6 39. Bg2 e4 40. Bxg7 Kxg7 41. Rd4 Rd8 42. Rd5 Ra8 43. Bh3 Rg6 44. Bg4 Ra2 45. Bh5 Rxb2 46. Bxg6 Kxg6 47. Rf1 Ra2 48. Rf6+ Kh5 49. Rh6+ Kg4 50. g6 b2 51. Rb5 Kg3 52. Rg5+ Kf4 53. Rb5 Kg3 1/2-1/2

[Event "Belgrade Serbia op"]
[Site "Belgrade"]
[Date "2023.07.17"]
[Round "2"]
[White "Arsovic, Zoran"]
[Black "Tulchynskyi, Feliks"]
[Result "0-1"]
[WhiteElo "2393"]
[BlackElo "2248"]
[PlyCount "82"]
[EventDate "2023.07.16"]
[EventType "swiss"]
[EventRounds "9"]
[EventCountry "SRB"]
[SourceTitle "CBM 215 Extra"]
[Source "ChessBase"]
[SourceDate "2023.09.30"]
[SourceVersion "1"]
[SourceVersionDate "2023.09.30"]
[SourceQuality "1"]

1. Nf3 d5 2. g3 c5 3. Bg2 Nc6 4. 0-0 e5 5. d3 Nf6 6. Nbd2 Bd6 7. e4 d4 8. Nc4 Bc7 9. Nh4 0-0 10. a4 Rb8 11. Nf5 a6 12. Bg5 b5 13. axb5 axb5 14. Nd2 Rb6 15. Ra8 Nb8 16. f4 Bb7 17. Ra1 h6 18. Bh4 Nbd7 19. Qe2 Kh7 20. Bh3 g6 21. fxe5 Bxe5 22. Nf3 Bb8 23. Bxf6 Rxf6 24. N5h4 Kg7 25. Rf2 Qe7 26. b4 cxb4 27. Nxd4 Be5 28. c3 bxc3 29. Nc2 Rxf2 30. Qxf2 Ra8 31. Rxa8 Bxa8 32. Nf3 Bf6 33. Qa7 Qc5+ 34. Qxc5 Nxc5 35. Bf1 Na6 36. Kf2 b4 37. e5 Be7 38. Nfd4 Bc5 39. Ke1 Bd5 40. Kd1 b3 41. Ne3 b2 0-1

[Event "EU-ch 23rd"]
[Site "Vrnjacka Banja"]
[Date "2023.03.06"]
[Round "4"]
[White "Halkias, Stelios"]
[Black "Arsovic, Zoran"]
[Result "1-0"]
[WhiteElo "2514"]
[BlackElo "2390"]
[PlyCount "75"]
[EventDate "2023.03.03"]
[EventType "swiss"]
[EventRounds "11"]
[EventCountry "SRB"]
[SourceTitle "CBM 213"]
[Source "ChessBase"]
[SourceDate "2023.04.30"]
[SourceVersion "1"]
[SourceVersionDate "2023.04.30"]
[SourceQuality "1"]

1. d4 Nf6 2. c4 c5 3. d5 g6 4. Nc3 d6 5. e4 Bg7 6. h3 0-0 7. Nf3 e6 8. Be3 exd5 9. exd5 Na6 10. Be2 Re8 11. 0-0 Bf5 12. Bd3 Ne4 13. Nxe4 Bxe4 14. Bxe4 Rxe4 15. Qc2 Re8 16. a3 Nb8 17. Bg5 Qc7 18. Rae1 Nd7 19. Bd2 Ne5 20. Nxe5 Bxe5 21. Bc3 Bxc3 22. Qxc3 Qd7 23. Qf6 Rxe1 24. Rxe1 Re8 25. Rxe8+ Qxe8 26. Qxd6 Qe1+ 27. Kh2 Qxf2 28. b4 b6 29. Qe5 h5 30. d6 f6 31. Qd5+ Kf8 32. d7 Qf4+ 33. Kh1 Qf1+ 34. Kh2 Qf4+ 35. Kg1 Qe3+ 36. Kf1 Qc1+ 37. Kf2 Qc2+ 38. Kg3 1-0

[Event "Djenovici TS03 IM Oct"]
[Site "Djenovici"]
[Date "2022.10.19"]
[Round "5"]
[White "Poschadel, Andreas Gregor"]
[Black "Arsovic, Zoran"]
[Result "1/2-1/2"]
[WhiteElo "2044"]
[BlackElo "2362"]
[PlyCount "121"]
[EventDate "2022.10.15"]
[EventType "tourn"]
[EventRounds "9"]
[EventCountry "MNE"]
[EventCategory "1"]
[SourceTitle "CBM 210 Extra"]
[Source "ChessBase"]
[SourceDate "2022.11.30"]
[SourceVersion "1"]
[SourceVersionDate "2022.11.30"]
[SourceQuality "1"]

1. e4 c5 2. Nf3 d6 3. d4 cxd4 4. Nxd4 Nf6 5. Nc3 Nc6 6. f3 e5 7. Nb3 Be7 8. Be3 Be6 9. Qd2 0-0 10. 0-0-0 Qc8 11. Qf2 Rd8 12. Bg5 Ng4 13. fxg4 Bxg5+ 14. Kb1 Bxg4 15. Bc4 Be6 16. Bxe6 fxe6 17. h4 Be7 18. g4 a5 19. a4 Nb4 20. g5 Rf8 21. Qe3 b5 22. axb5 a4 23. Nc1 a3 24. N1a2 Nxa2 25. Nxa2 axb2 26. Qb3 Rf4 27. Rde1 d5 28. Qxb2 Qc4 29. exd5 Rxa2 30. Qxa2 Qxb5+ 31. Kc1 Ra4 32. Qb3 Ba3+ 33. Kd2 Qa5+ 34. c3 e4 35. dxe6 Qd8+ 36. Ke2 Qd3+ 37. Kf2 Qf3+ 38. Kg1 Bc5+ 39. Kh2 Qf4+ 40. Kh3 Qf5+ 41. Kh2 Bd6+ 42. Kg2 Qg4+ 43. Kf1 Qf3+ 44. Kg1 Ra3 45. e7+ Rxb3 46. e8Q+ Bf8 47. Qe6+ Kh8 48. Qxb3 Bc5+ 49. Kh2 Qf2+ 50. Kh3 Qf5+ 51. Kh2 Bd6+ 52. Kg2 Qf3+ 53. Kg1 Qg3+ 54. Kf1 Qf4+ 55. Kg2 Qg4+ 56. Kf1 Qf3+ 57. Kg1 Bc5+ 58. Kh2 Qf4+ 59. Kh3 Qf3+ 60. Kh2 Qf4+ 61. Kh3 1/2-1/2

[Event "Djenovici TS03 IM Oct"]
[Site "Djenovici"]
[Date "2022.10.16"]
[Round "2"]
[White "Durak, Can"]
[Black "Arsovic, Zoran"]
[Result "1/2-1/2"]
[WhiteElo "2239"]
[BlackElo "2362"]
[PlyCount "56"]
[EventDate "2022.10.15"]
[EventType "tourn"]
[EventRounds "9"]
[EventCountry "MNE"]
[EventCategory "1"]
[SourceTitle "CBM 210 Extra"]
[Source "ChessBase"]
[SourceDate "2022.11.30"]
[SourceVersion "1"]
[SourceVersionDate "2022.11.30"]
[SourceQuality "1"]

1. d4 Nf6 2. c4 e6 3. Nc3 Bb4 4. Qc2 c5 5. a3 Bxc3+ 6. Qxc3 cxd4 7. Qxd4 Nc6 8. Qc3 d5 9. cxd5 exd5 10. Nf3 d4 11. Qd3 0-0 12. e3 Re8 13. Be2 dxe3 14. Bxe3 Qa5+ 15. Qd2 Qxd2+ 16. Nxd2 Nd5 17. Nc4 Nxe3 18. Nxe3 Nd4 19. Bd3 Nb3 20. Rd1 Bg4 21. Be2 Bxe2 22. Kxe2 Rac8 23. Kf3 Rc6 24. g3 h5 25. Rd5 g6 26. Rhd1 a6 27. Kg2 Kf8 28. h4 Rec8 1/2-1/2

[Event "SRB-chT Premier"]
[Site "Vrnjacka Banja"]
[Date "2022.09.29"]
[Round "10.3"]
[White "Arsovic, Zoran"]
[Black "Djukic, Nikola"]
[Result "1/2-1/2"]
[WhiteElo "2362"]
[BlackElo "2536"]
[PlyCount "81"]
[EventDate "2022.09.20"]
[EventType "team-tourn"]
[EventRounds "11"]
[EventCountry "SRB"]
[SourceTitle "CBM 210 Extra"]
[Source "ChessBase"]
[SourceDate "2022.11.30"]
[SourceVersion "1"]
[SourceVersionDate "2022.11.30"]
[SourceQuality "1"]
[WhiteTeam "Vladimirci"]
[BlackTeam "Pozega"]
[WhiteTeamCountry "SRB"]
[BlackTeamCountry "SRB"]

1. Nf3 Nf6 2. c4 g6 3. g3 Bg7 4. Bg2 0-0 5. 0-0 d5 6. cxd5 Nxd5 7. Nc3 c5 8. Nxd5 Qxd5 9. d4 cxd4 10. Be3 Qh5 11. Nxd4 Nd7 12. Rc1 Nf6 13. Nf3 Qb5 14. b3 Qa6 15. Qd3 Qxd3 16. exd3 Rd8 17. Bc5 Nd5 18. Rfe1 Bf6 19. Ne5 Be6 20. a4 Rdc8 21. Nd7 Bc3 22. Rxe6 fxe6 23. Bxd5 exd5 24. Rxc3 Rc7 25. Ne5 Rac8 26. d4 b6 27. b4 bxc5 28. bxc5 Rb8 29. Nd3 Rb1+ 30. Kg2 Ra1 31. Nf4 e6 32. Nxe6 Rc8 33. Nf4 Rd8 34. c6 Rxa4 35. Nxd5 Rxd4 36. c7 R4xd5 37. c8Q Rxc8 38. Rxc8+ Kg7 39. Rc7+ Kg8 40. Rxa7 h5 41. h3 1/2-1/2

[Event "SRB-chT Premier"]
[Site "Vrnjacka Banja"]
[Date "2022.09.21"]
[Round "2.3"]
[White "Savic, Miodrag R"]
[Black "Arsovic, Zoran"]
[Result "1/2-1/2"]
[WhiteElo "2406"]
[BlackElo "2362"]
[PlyCount "113"]
[EventDate "2022.09.20"]
[EventType "team-tourn"]
[EventRounds "11"]
[EventCountry "SRB"]
[SourceTitle "CBM 210 Extra"]
[Source "ChessBase"]
[SourceDate "2022.11.30"]
[SourceVersion "1"]
[SourceVersionDate "2022.11.30"]
[SourceQuality "1"]
[WhiteTeam "Belgrade Zmaj"]
[BlackTeam "Vladimirci"]
[WhiteTeamCountry "SRB"]
[BlackTeamCountry "SRB"]

1. e4 c5 2. c3 d5 3. exd5 Qxd5 4. Nf3 Nf6 5. Na3 e6 6. Be2 Nc6 7. 0-0 Be7 8. d4 0-0 9. Nb5 Qd8 10. dxc5 Bxc5 11. Bf4 a6 12. Nbd4 Nxd4 13. Nxd4 Bxd4 14. cxd4 Bd7 15. Bf3 Bb5 16. Re1 Nd5 17. Be5 Bc6 18. Qb3 Qd7 19. Rac1 Ne7 20. Rc3 Rac8 21. h4 Bd5 22. Bxd5 Nxd5 23. Rxc8 Rxc8 24. h5 f6 25. Bg3 h6 26. Qf3 Rc6 27. Bf4 Rc2 28. Qb3 Rc6 29. Bd2 Qf7 30. Qg3 Kh7 31. Qf3 Kh8 32. Bf4 b5 33. Rc1 Rxc1+ 34. Bxc1 Qc7 35. Qd1 Kg8 36. g3 Kf7 37. a3 Qc4 38. Be3 a5 39. Qb1 f5 40. Qd1 Kf8 41. Bf4 Nxf4 42. gxf4 Kf7 43. Kh2 b4 44. axb4 axb4 45. b3 Qc7 46. Kg3 Qc3+ 47. f3 Qc6 48. Qa1 Qd7 49. Kf2 g6 50. hxg6+ Kxg6 51. Kg3 Kf7 52. Kg2 Kg6 53. Qa6 Qd5 54. Qc8 Kg7 55. Qc7+ Kg6 56. Qc8 Kg7 57. Qc7+ 1/2-1/2

[Event "SRB-chT Premier"]
[Site "Vrnjacka Banja"]
[Date "2022.09.20"]
[Round "1.4"]
[White "Arsovic, Zoran"]
[Black "Kovacevic, Aleksandar"]
[Result "1/2-1/2"]
[WhiteElo "2362"]
[BlackElo "2471"]
[PlyCount "57"]
[EventDate "2022.09.20"]
[EventType "team-tourn"]
[EventRounds "11"]
[EventCountry "SRB"]
[SourceTitle "CBM 210 Extra"]
[Source "ChessBase"]
[SourceDate "2022.11.30"]
[SourceVersion "1"]
[SourceVersionDate "2022.11.30"]
[SourceQuality "1"]
[WhiteTeam "Vladimirci"]
[BlackTeam "Novi Sad SK"]
[WhiteTeamCountry "SRB"]
[BlackTeamCountry "SRB"]

1. Nf3 c5 2. c4 Nc6 3. Nc3 Nf6 4. e3 e6 5. d4 d5 6. a3 dxc4 7. Bxc4 a6 8. 0-0 b5 9. Bd3 cxd4 10. exd4 Be7 11. Bc2 Bb7 12. Re1 0-0 13. Qd3 Re8 14. d5 exd5 15. Bg5 Ne4 16. Nxe4 dxe4 17. Qxe4 g6 18. Qh4 h5 19. Bb3 Qc7 20. Rad1 Bf8 21. Bf4 Rxe1+ 22. Rxe1 Bd6 23. Qf6 Bxf4 24. Qxg6+ Kf8 25. Qxh5 Kg7 26. Qg4+ Kf8 27. Qh5 Kg7 28. Qg4+ Kf8 29. Qh5 1/2-1/2

[Event "SRB-ch sf"]
[Site "Paracin"]
[Date "2022.03.21"]
[Round "6"]
[White "Budisavljevic, Luka"]
[Black "Arsovic, Zoran"]
[Result "1-0"]
[WhiteElo "2519"]
[BlackElo "2360"]
[PlyCount "98"]
[EventDate "2022.03.17"]
[EventType "swiss"]
[EventRounds "9"]
[EventCountry "SRB"]
[SourceTitle "CBM 207 Extra"]
[Source "ChessBase"]
[SourceDate "2022.05.31"]
[SourceVersion "1"]
[SourceVersionDate "2022.05.31"]
[SourceQuality "1"]

1. d4 Nf6 2. c4 e6 3. Nc3 Bb4 4. Qc2 d6 5. e3 0-0 6. Bd3 c5 7. Nge2 d5 8. cxd5 exd5 9. a3 cxd4 10. Nxd4 Ba5 11. b4 Bb6 12. Nce2 Re8 13. Bb2 Bg4 14. Ng3 Bxd4 15. Bxd4 Nc6 16. Qb2 Nxd4 17. Qxd4 Qb6 18. Qxb6 axb6 19. h3 Bd7 20. Kd2 Rec8 21. Rhc1 Rxc1 22. Kxc1 Kf8 23. Kb2 Ke7 24. Rd1 g6 25. Ne2 h5 26. Nc3 Be6 27. Bc2 Rd8 28. Bb3 Rd6 29. Rd4 Rd7 30. f3 Rd6 31. Kc1 Rd8 32. Kd2 Ra8 33. a4 Ra7 34. g4 hxg4 35. hxg4 g5 36. Bxd5 Nxd5 37. Rxd5 Rxa4 38. Rb5 Ra1 39. Rxb6 Rf1 40. Rxb7+ Kd6 41. Rb5 Rxf3 42. Ne4+ Kc6 43. Rc5+ Kb6 44. Nxg5 Rf2+ 45. Ke1 Rg2 46. Nxe6 fxe6 47. Rc4 Kb5 48. Re4 Kc6 49. Kf1 Kd5 1-0

[Event "SRB-ch sf"]
[Site "Paracin"]
[Date "2022.03.19"]
[Round "4"]
[White "Arsovic, Zoran"]
[Black "Ratkovic, Milovan"]
[Result "1/2-1/2"]
[WhiteElo "2360"]
[BlackElo "2445"]
[PlyCount "36"]
[EventDate "2022.03.17"]
[EventType "swiss"]
[EventRounds "9"]
[EventCountry "SRB"]
[SourceTitle "CBM 207 Extra"]
[Source "ChessBase"]
[SourceDate "2022.05.31"]
[SourceVersion "1"]
[SourceVersionDate "2022.05.31"]
[SourceQuality "1"]

1. Nf3 Nf6 2. g3 g6 3. Bg2 Bg7 4. 0-0 0-0 5. d4 d6 6. Nc3 Nc6 7. d5 Na5 8. e4 c5 9. Re1 Bg4 10. h3 Bxf3 11. Qxf3 Nd7 12. Qe2 a6 13. a4 Qb6 14. Bd2 e6 15. Rab1 Rae8 16. b3 exd5 17. Nxd5 Qd8 18. Bf4 Ne5 1/2-1/2

[Event "SRB-ch sf"]
[Site "Paracin"]
[Date "2022.03.18"]
[Round "3"]
[White "Arsovic, Zoran"]
[Black "Martic, Ivan"]
[Result "1-0"]
[WhiteElo "2360"]
[BlackElo "2287"]
[PlyCount "79"]
[EventDate "2022.03.17"]
[EventType "swiss"]
[EventRounds "9"]
[EventCountry "SRB"]
[SourceTitle "CBM 207 Extra"]
[Source "ChessBase"]
[SourceDate "2022.05.31"]
[SourceVersion "1"]
[SourceVersionDate "2022.05.31"]
[SourceQuality "1"]

1. Nf3 d5 2. g3 Nc6 3. Bg2 e5 4. d3 Nf6 5. 0-0 Be7 6. c4 0-0 7. cxd5 Nxd5 8. Nc3 Nb6 9. Be3 Be6 10. a3 f6 11. Rc1 Nd4 12. Ne4 Qd7 13. Nfd2 Na4 14. Bxd4 exd4 15. Nf3 Rfd8 16. Qc2 Rac8 17. b3 Nb6 18. b4 c5 19. Nxc5 Bxc5 20. bxc5 Na4 21. Qd2 Nxc5 22. Qb4 b6 23. h4 Kh8 24. Rfe1 Rb8 25. Rb1 Ba2 26. Rb2 Bf7 27. Kh2 Be6 28. Qd2 Qd6 29. Rb4 Bg8 30. Rxd4 Qe7 31. Rxd8 Rxd8 32. Qb4 Qc7 33. Rc1 a5 34. Qb1 Qd6 35. Nd2 Na4 36. Nc4 Qd4 37. Qb3 Nc5 38. Qxb6 Rc8 39. Kg1 Rd8 40. Nxa5 1-0

[Event "SRB-ch 15th"]
[Site "Stara Planina"]
[Date "2021.12.14"]
[Round "9"]
[White "Arsovic, Zoran"]
[Black "Ivic, Velimir"]
[Result "0-1"]
[WhiteElo "2366"]
[BlackElo "2606"]
[PlyCount "58"]
[EventDate "2021.12.06"]
[EventType "tourn"]
[EventRounds "9"]
[EventCountry "SRB"]
[EventCategory "9"]
[SourceTitle "CBM 205 Extra"]
[Source "ChessBase"]
[SourceDate "2022.01.31"]
[SourceVersion "1"]
[SourceVersionDate "2022.01.31"]
[SourceQuality "1"]

1. Nf3 d6 2. c4 e5 3. Nc3 f5 4. g3 Nf6 5. Bg2 Be7 6. 0-0 0-0 7. b4 Qe8 8. d3 Kh8 9. e3 a6 10. Bb2 Nc6 11. a3 Nd8 12. Nd2 Nf7 13. Qc2 c6 14. Rae1 Be6 15. f4 Qd7 16. e4 a5 17. Nf3 axb4 18. axb4 fxe4 19. Nxe4 Nxe4 20. dxe4 Ra2 21. Rf2 b5 22. cxb5 cxb5 23. Qb1 Qa7 24. Ree2 Ra8 25. Rd2 Bd8 26. fxe5 dxe5 27. Nxe5 Nxe5 28. Bd4 Bb6 29. Rxa2 Bxa2 0-1

[Event "SRB-ch 15th"]
[Site "Stara Planina"]
[Date "2021.12.11"]
[Round "6"]
[White "Arsovic, Zoran"]
[Black "Indjic, Aleksandar"]
[Result "0-1"]
[WhiteElo "2366"]
[BlackElo "2623"]
[PlyCount "48"]
[EventDate "2021.12.06"]
[EventType "tourn"]
[EventRounds "9"]
[EventCountry "SRB"]
[EventCategory "9"]
[SourceTitle "CBM 205 Extra"]
[Source "ChessBase"]
[SourceDate "2022.01.31"]
[SourceVersion "1"]
[SourceVersionDate "2022.01.31"]
[SourceQuality "1"]

1. c4 e5 2. d3 Nc6 3. Nc3 Bb4 4. Bd2 d6 5. a3 Bxc3 6. Bxc3 f5 7. Nf3 Nf6 8. e3 0-0 9. Be2 b6 10. 0-0 Qe8 11. b4 Kh8 12. Rc1 a5 13. d4 e4 14. Nd2 d5 15. bxa5 bxa5 16. Ba1 Ne7 17. cxd5 Nexd5 18. Nc4 f4 19. exf4 Nxf4 20. d5 Ba6 21. g3 Qg6 22. Kh1 Nxe2 23. Qxe2 Nxd5 24. Rfd1 Nb6 0-1

[Event "SRB-ch 15th"]
[Site "Stara Planina"]
[Date "2021.12.10"]
[Round "5"]
[White "Budisavljevic, Luka"]
[Black "Arsovic, Zoran"]
[Result "1-0"]
[WhiteElo "2499"]
[BlackElo "2366"]
[PlyCount "82"]
[EventDate "2021.12.06"]
[EventType "tourn"]
[EventRounds "9"]
[EventCountry "SRB"]
[EventCategory "9"]
[SourceTitle "CBM 205 Extra"]
[Source "ChessBase"]
[SourceDate "2022.01.31"]
[SourceVersion "1"]
[SourceVersionDate "2022.01.31"]
[SourceQuality "1"]

1. e4 c5 2. Nf3 e6 3. d4 cxd4 4. Nxd4 Nf6 5. Nc3 Nc6 6. Ndb5 Bc5 7. Nd6+ Ke7 8. Bf4 e5 9. Nf5+ Kf8 10. Bg5 Bb4 11. Bc4 d5 12. Bxf6 Qxf6 13. Qxd5 Bxf5 14. exf5 Rd8 15. Qb5 Qh4 16. Be2 g6 17. Qxb7 Rd6 18. 0-0 gxf5 19. Qc8+ Kg7 20. Qxf5 Bxc3 21. bxc3 Qf4 22. Qxf4 exf4 23. Rad1 Rhd8 24. Rxd6 Rxd6 25. Rd1 Rxd1+ 26. Bxd1 Ne5 27. Kf1 Kf6 28. Ke2 Ke6 29. Kd2 Kd5 30. Be2 a5 31. g3 fxg3 32. fxg3 h6 33. Ke3 Nc4+ 34. Bxc4+ Kxc4 35. Kd2 h5 36. a4 f6 37. h3 f5 38. h4 Kd5 39. Kd3 Kc5 40. c4 Kb4 41. Kd4 Kxa4 1-0

[Event "SRB-ch 15th"]
[Site "Stara Planina"]
[Date "2021.12.06"]
[Round "1"]
[White "Stankovic, Milos"]
[Black "Arsovic, Zoran"]
[Result "1/2-1/2"]
[WhiteElo "2421"]
[BlackElo "2366"]
[PlyCount "57"]
[EventDate "2021.12.06"]
[EventType "tourn"]
[EventRounds "9"]
[EventCountry "SRB"]
[EventCategory "9"]
[SourceTitle "CBM 205 Extra"]
[Source "ChessBase"]
[SourceDate "2022.01.31"]
[SourceVersion "1"]
[SourceVersionDate "2022.01.31"]
[SourceQuality "1"]

1. e4 c5 2. Nf3 e6 3. d4 cxd4 4. Nxd4 Nf6 5. Nc3 Nc6 6. Ndb5 Bb4 7. a3 Bxc3+ 8. Nxc3 d5 9. exd5 exd5 10. Bd3 0-0 11. 0-0 d4 12. Ne2 Bg4 13. f3 Bh5 14. Nf4 Bg6 15. Nxg6 hxg6 16. f4 Ne7 17. Qf3 Qb6 18. Bd2 Rfe8 19. Rfe1 Nf5 20. b4 Ne3 21. c4 Rad8 22. c5 Qc7 23. Bxe3 dxe3 24. Rxe3 Rxe3 25. Qxe3 Ng4 26. Qe4 Nf6 27. Qe3 Ng4 28. Qe4 Nf6 29. Qe3 1/2-1/2

[Event "Belgrade Serbia op"]
[Site "Belgrade"]
[Date "2021.07.06"]
[Round "6"]
[White "Arsovic, Zoran"]
[Black "Dragnev, Valentin"]
[Result "0-1"]
[WhiteElo "2381"]
[BlackElo "2569"]
[PlyCount "98"]
[EventDate "2021.07.02"]
[EventType "swiss"]
[EventRounds "9"]
[EventCountry "SRB"]
[SourceTitle "CBM 203 Extra"]
[Source "ChessBase"]
[SourceDate "2021.09.30"]
[SourceVersion "1"]
[SourceVersionDate "2021.09.30"]
[SourceQuality "1"]

1. Nf3 d5 2. g3 Nd7 3. d4 b5 4. Nc3 c6 5. a3 Ngf6 6. Bg2 e6 7. 0-0 Be7 8. e4 0-0 9. e5 Ne8 10. h4 Nc7 11. Re1 a5 12. Bg5 Ba6 13. b4 h6 14. Bxe7 Qxe7 15. Rb1 Rfb8 16. Ne2 Nb6 17. Nf4 Nc4 18. Rb3 Bc8 19. g4 g6 20. g5 h5 21. Nh2 Ne8 22. Bf3 axb4 23. axb4 Ng7 24. Bxh5 gxh5 25. Nxh5 Bd7 26. Nf6+ Kf8 27. h5 Qd8 28. h6 Nf5 29. h7 Kg7 30. Qh5 Qe7 31. Nxd7 Qxd7 32. Ng4 Qe7 33. Nh6 Rf8 34. Rf3 Kh8 35. Rd3 Nxh6 36. Qxh6 Rfe8 37. Kg2 Qf8 38. Qh5 Re7 39. Rf3 Qg7 40. Rd3 Rf8 41. Kg1 Ra7 42. Kg2 Ra3 43. c3 Ra7 44. Kh2 Ra2 45. Rg3 Nd2 46. Qe2 Rfa8 47. Qh5 Nf1+ 48. Kg2 Nxg3 49. Kxg3 Rf8 0-1

[Event "Belgrade Serbia op"]
[Site "Belgrade"]
[Date "2021.07.06"]
[Round "7"]
[White "Jocev, Milan"]
[Black "Arsovic, Zoran"]
[Result "1/2-1/2"]
[WhiteElo "2260"]
[BlackElo "2381"]
[PlyCount "171"]
[EventDate "2021.07.02"]
[EventType "swiss"]
[EventRounds "9"]
[EventCountry "SRB"]
[SourceTitle "EXT 2022"]
[Source "ChessBase"]
[SourceDate "2021.10.06"]
[SourceVersion "1"]
[SourceVersionDate "2021.10.06"]
[SourceQuality "1"]

1. d4 Nf6 2. Nf3 e6 3. Bf4 c5 4. e3 cxd4 5. exd4 Be7 6. Nbd2 b6 7. Bd3 Bb7 8. 0-0 0-0 9. h3 d6 10. Re1 Nbd7 11. a4 a6 12. c3 Re8 13. Bh2 Bf8 14. Qc2 h6 15. Ne4 Qc7 16. Re2 Nxe4 17. Bxe4 b5 18. Qb3 Bxe4 19. Rxe4 Qc4 20. Qc2 Nf6 21. Ree1 b4 22. Nd2 Qd5 23. Qd3 bxc3 24. bxc3 Rec8 25. c4 Qc6 26. Bf4 Rab8 27. Rab1 Rxb1 28. Qxb1 Rc7 29. a5 Rb7 30. Qa2 Rb4 31. Be3 Qb7 32. Qc2 Qc7 33. Qd3 Qc6 34. Qa3 Rb7 35. Qd3 Rb4 36. Qa3 Qb7 37. d5 Rb2 38. dxe6 fxe6 39. Qd3 Qb4 40. Rd1 Qa4 41. Rc1 Qxa5 42. c5 d5 43. c6 Rb8 44. Bf4 Rc8 45. Qe3 Kf7 46. Qa7+ Kg8 47. Qb7 Qd8 48. c7 Qe8 49. Qxa6 Nd7 50. Qc6 Nf6 51. Qb7 Nd7 52. Nb3 e5 53. Qxd5+ Qf7 54. Qxf7+ Kxf7 55. Bd2 Bd6 56. Ba5 Ke7 57. Nd2 Nc5 58. Nc4 Bxc7 59. Bb4 Bd6 60. Rd1 Rb8 61. Bxc5 Bxc5 62. Nxe5 Rb2 63. Nd3 Rc2 64. Nxc5 Rxc5 65. g3 Rc2 66. Kg2 Rb2 67. Ra1 h5 68. Ra6 Kf7 69. g4 hxg4 70. hxg4 g5 71. Kf3 Kg7 72. Rd6 Rb4 73. Re6 Rf4+ 74. Kg3 Rb4 75. Re2 Kf6 76. f3 Rb3 77. Kf2 Ra3 78. Rc2 Rb3 79. Rc6+ Kg7 80. Rd6 Ra3 81. Ke2 Rb3 82. Rd3 Rb6 83. Ke3 Re6+ 84. Kd4 Kf6 85. Kc4 Re5 86. Kd4 1/2-1/2

[Event "Belgrade Serbia op"]
[Site "Belgrade"]
[Date "2021.07.05"]
[Round "5"]
[White "Arsovic, Zoran"]
[Black "Spasic, Petar"]
[Result "1-0"]
[WhiteElo "2381"]
[BlackElo "2227"]
[PlyCount "53"]
[EventDate "2021.07.02"]
[EventType "swiss"]
[EventRounds "9"]
[EventCountry "SRB"]
[SourceTitle "CBM 203 Extra"]
[Source "ChessBase"]
[SourceDate "2021.09.30"]
[SourceVersion "1"]
[SourceVersionDate "2021.09.30"]
[SourceQuality "1"]

1. Nf3 Nf6 2. c4 g6 3. Nc3 Bg7 4. e4 d6 5. d4 0-0 6. h3 e5 7. dxe5 dxe5 8. Be3 Qe7 9. Nd5 Nxd5 10. cxd5 Rd8 11. Bc4 c6 12. 0-0 Bf6 13. Qc2 b5 14. Bb3 Bb7 15. Rfd1 Rc8 16. Rac1 Na6 17. d6 Qd7 18. a4 Kg7 19. Qd2 bxa4 20. Bxa4 Qe6 21. b4 Nb8 22. Qc3 Nd7 23. Bb3 Qe8 24. Qd2 Qd8 25. Bh6+ Kg8 26. Kf1 Kh8 27. Bxf7 1-0

[Event "Belgrade Serbia op"]
[Site "Belgrade"]
[Date "2021.07.03"]
[Round "2"]
[White "Bjerre, Jonas Buhl"]
[Black "Arsovic, Zoran"]
[Result "1-0"]
[WhiteElo "2546"]
[BlackElo "2381"]
[PlyCount "81"]
[EventDate "2021.07.02"]
[EventType "swiss"]
[EventRounds "9"]
[EventCountry "SRB"]
[SourceTitle "CBM 203 Extra"]
[Source "ChessBase"]
[SourceDate "2021.09.30"]
[SourceVersion "1"]
[SourceVersionDate "2021.09.30"]
[SourceQuality "1"]

1. d4 Nf6 2. c4 e6 3. Nf3 Bb4+ 4. Bd2 Qe7 5. g3 Nc6 6. Bg2 Bxd2+ 7. Qxd2 Ne4 8. Qc2 Qb4+ 9. Kf1 f5 10. a3 Qe7 11. Nc3 Nxc3 12. Qxc3 0-0 13. b4 d6 14. e3 Nd8 15. Re1 Bd7 16. h4 Rb8 17. Kg1 Be8 18. h5 b5 19. cxb5 Bxb5 20. Rc1 Rc8 21. Nh4 Nf7 22. d5 c5 23. dxe6 Qxe6 24. Kh2 Ng5 25. h6 gxh6 26. bxc5 dxc5 27. Rb1 Ne4 28. Qc2 Bc6 29. Rhd1 Rfd8 30. f3 Ng5 31. Qxf5 Nxf3+ 32. Kh1 Qxf5 33. Nxf5 Rxd1+ 34. Rxd1 Rc7 35. Rc1 Bd5 36. Rf1 c4 37. Bxf3 Bxf3+ 38. Rxf3 c3 39. Rf1 c2 40. Rc1 Rc3 41. Kg2 1-0